000 00919 a2200205 4500
003 NUST
005 20230525132258.0
010 _a 84012716
020 _a0933014139
040 _cNust
082 0 0 _a004.16,HAN
245 0 4 _aThe Handbook of microcomputer applications in communication disorders /
_cArthur H. Schwartz, editor.
260 _aSan Diego, Calif. :
_bCollege-Hill Press,
_cc1984.
300 _axvii, 325 p. :
_bill. ;
_c26 cm.
505 _aSection-I Preview and Review (Page-1), Section-II Bases for Decisions (Page-35), Section-III Microcomputer Applications (Page-147), Section-IV A Broader Perspective (Page-247),Section-V Microcomputer Terminology (Page-275).
650 0 _aCommunicative disorders
_xData processing
_xHandbooks, manuals, etc.
_9112621
650 0 _aMicrocomputers
_xHandbooks, manuals, etc.
_9112622
700 1 _aSchwartz, Arthur H.,
_d1942-
_9112623
942 _cBK
_2ddc
_k004.16,HAN
999 _c174733
_d174733